[Event "FRA-chT2S 9798"]
[Site "France"]
[Date "1998.??.??"]
[Round "9"]
[White "Lebel, Patrick"]
[Black "Pontet, Georges"]
[Result "1-0"]
[WhiteElo "2175"]
[BlackElo "1880"]
[PlyCount "79"]
[EventDate "1997.??.??"]
[EventType "team"]
[EventRounds "9"]
[EventCountry "FRA"]
[SourceTitle "EXT 2003"]
[Source "ChessBase"]
[SourceDate "2002.11.25"]
[SourceVersion "1"]
[SourceVersionDate "2002.11.25"]
[SourceQuality "1"]

1. d4 d5 2. Nf3 Nf6 3. e3 Nbd7 4. Bd3 e6 5. 0-0 Be7 6. b3 0-0 7. Nbd2 b6 8. Bb2 Bb7 9. Ne5 c5 10. Qf3 Re8 11. Qh3 a6 12. Rad1 h6 13. a4 cxd4 14. exd4 Ne4 15. Rfe1 Ndf6 16. f3 Ng5 17. Qg3 Nh5 18. Qf2 Nf4 19. Bf1 b5 20. h4 Ngh3+ 21. gxh3 Bxh4 22. Qh2 Qg5+ 23. Kh1 Bxe1 24. Rxe1 Nh5 25. Qg2 Ng3+ 26. Kh2 Nxf1+ 27. Nxf1 Qxg2+ 28. Kxg2 f6 29. Nd3 bxa4 30. bxa4 Bc6 31. Nc5 Kf7 32. Nd2 Ra7 33. Kf2 Bd7 34. Ndb3 Bc8 35. h4 h5 36. Nc1 g5 37. hxg5 fxg5 38. N1d3 Kg7 39. Ne5 Rf8 40. Kg3 1-0

[Event "FRA-chT2S 9798"]
[Site "France"]
[Date "1998.??.??"]
[Round "11"]
[White "Peyrin, Jean"]
[Black "Pontet, Georges"]
[Result "1-0"]
[WhiteElo "2165"]
[BlackElo "1880"]
[PlyCount "139"]
[EventDate "1997.??.??"]
[EventType "team"]
[EventRounds "9"]
[EventCountry "FRA"]
[SourceTitle "EXT 2003"]
[Source "ChessBase"]
[SourceDate "2002.11.25"]
[SourceVersion "1"]
[SourceVersionDate "2002.11.25"]
[SourceQuality "1"]

1. d4 d5 2. c4 dxc4 3. Nf3 Nf6 4. e3 Bg4 5. Bxc4 e6 6. 0-0 Nbd7 7. Nc3 Be7 8. e4 c6 9. Be2 0-0 10. Qc2 Rc8 11. Rd1 Qc7 12. Bg5 Rfe8 13. Rac1 h6 14. Be3 Bh5 15. Qd2 Bb4 16. Qc2 Bg6 17. Bd3 a6 18. Ne2 Qb8 19. Qa4 Bf8 20. Nc3 e5 21. Nh4 Bh5 22. f3 g5 23. Nf5 Bg6 24. Ng3 exd4 25. Bxd4 Bd6 26. Bf2 Nh5 27. Bf1 Nxg3 28. hxg3 Nc5 29. Qc4 b5 30. Qe2 Ne6 31. Rd2 Bxg3 32. Rd7 Rcd8 33. Rcd1 Nf4 34. Qe1 Bxf2+ 35. Qxf2 Rxd7 36. Rxd7 Rd8 37. Rxd8+ Qxd8 38. g3 Ne6 39. Qe3 Qd4 40. Kf2 c5 41. Qxd4 Nxd4 42. Nd5 Kg7 43. Nc7 Kf6 44. Nxa6 Ne6 45. Bxb5 Ke5 46. Ke3 Kd6 47. Bc4 h5 48. f4 gxf4+ 49. gxf4 Bh7 50. f5 Nd8 51. Kf4 f6 52. Bd5 Nc6 53. a3 Ne7 54. Bf7 Bg8 55. Bxg8 Nxg8 56. a4 Ne7 57. b4 cxb4 58. Nxb4 h4 59. Nd3 Kc6 60. Kg4 Nc8 61. e5 fxe5 62. Nxe5+ Kc5 63. Nd3+ Kd6 64. Kxh4 Ke7 65. Kg5 Kf7 66. Ne5+ Kg7 67. a5 Na7 68. f6+ Kf8 69. Kg6 Nc8 70. Nd7+ 1-0

[Event "FRA-chT2S 9798"]
[Site "France"]
[Date "1998.??.??"]
[Round "6"]
[White "Pontet, Georges"]
[Black "Dubreuil, Julien"]
[Result "0-1"]
[WhiteElo "1880"]
[BlackElo "1860"]
[PlyCount "60"]
[EventDate "1997.??.??"]
[EventType "team"]
[EventRounds "9"]
[EventCountry "FRA"]
[SourceTitle "EXT 2003"]
[Source "ChessBase"]
[SourceDate "2002.11.25"]
[SourceVersion "1"]
[SourceVersionDate "2002.11.25"]
[SourceQuality "1"]

1. e4 e5 2. Nf3 Nc6 3. Bb5 a6 4. Ba4 Nf6 5. 0-0 Be7 6. Re1 b5 7. Bb3 d6 8. c3 0-0 9. h3 Na5 10. Bc2 c5 11. d4 Qc7 12. Nbd2 Rd8 13. Nf1 cxd4 14. cxd4 exd4 15. Nxd4 d5 16. e5 Ne4 17. Nd2 Bc5 18. Nxe4 dxe4 19. Be3 Bb7 20. Rc1 Qxe5 21. Qd2 Nc4 22. Qe2 Bxd4 23. Bxd4 Rxd4 24. b3 Na3 25. Bd1 b4 26. Qe3 f5 27. f4 Qd6 28. Be2 Rd8 29. Red1 Nb5 30. Bxb5 Rxd1+ 0-1

[Event "FRA-chT2S"]
[Site "France"]
[Date "1997.??.??"]
[Round "3"]
[White "Bibikoff, Michel"]
[Black "Pontet, Georges"]
[Result "1-0"]
[WhiteElo "1970"]
[BlackElo "1910"]
[PlyCount "79"]
[EventDate "1997.??.??"]
[EventType "team"]
[EventRounds "9"]
[EventCountry "FRA"]
[SourceTitle "EXT 2007"]
[Source "ChessBase"]
[SourceDate "2006.11.23"]
[SourceVersion "1"]
[SourceVersionDate "2006.11.23"]
[SourceQuality "1"]
[WhiteTeam "La Ciotat"]
[BlackTeam "La Ciotat"]
[WhiteTeamCountry "FRA"]
[BlackTeamCountry "FRA"]

1. Nf3 Nf6 2. c4 c5 3. Nc3 Nc6 4. d4 cxd4 5. Nxd4 g6 6. e4 d6 7. Be2 Bg7 8. Be3 0-0 9. 0-0 Bd7 10. Nc2 a6 11. f3 Na7 12. Nb4 Bc6 13. Qd2 Qd7 14. Rac1 Rfb8 15. Rc2 Nc8 16. Rfc1 b6 17. Ncd5 a5 18. Nxc6 Qxc6 19. Bg5 Qc5+ 20. Be3 Qc6 21. b3 Nd7 22. Bg5 Kf8 23. Qf4 Nc5 24. Qh4 Bd4+ 25. Kh1 f6 26. Bh6+ Kg8 27. Qg4 Qd7 28. Qxd7 Nxd7 29. Nc7 g5 30. Nxa8 Rxa8 31. Rd1 Be3 32. Rd3 Bc5 33. f4 a4 34. Bg4 axb3 35. Be6+ Kh8 36. Rxb3 Ra7 37. fxg5 Rc7 38. Rg3 Bd4 39. gxf6 Nxf6 40. Bg7# 1-0

[Event "FRA-chT2S"]
[Site "France"]
[Date "1997.??.??"]
[Round "1"]
[White "Chappey, Edouard"]
[Black "Pontet, Georges"]
[Result "1-0"]
[WhiteElo "1860"]
[BlackElo "1910"]
[PlyCount "119"]
[EventDate "1997.??.??"]
[EventType "team"]
[EventRounds "9"]
[EventCountry "FRA"]
[SourceTitle "EXT 2007"]
[Source "ChessBase"]
[SourceDate "2006.11.23"]
[SourceVersion "1"]
[SourceVersionDate "2006.11.23"]
[SourceQuality "1"]
[WhiteTeam "Toulouse"]
[BlackTeam "La Ciotat"]
[WhiteTeamCountry "FRA"]
[BlackTeamCountry "FRA"]

1. e4 c5 2. Nf3 e6 3. d4 cxd4 4. Nxd4 Nf6 5. Nc3 d6 6. Be3 Be7 7. Be2 a6 8. a4 b6 9. 0-0 Qc7 10. Nb3 Nc6 11. f4 0-0 12. Qe1 Bb7 13. Qf2 Nd7 14. Nd2 Nb4 15. Rac1 d5 16. e5 Rad8 17. Nb3 Nc6 18. Rcd1 Nb4 19. Rd2 Rc8 20. Nd4 Nc6 21. Nb3 Bb4 22. Bd3 Ne7 23. Qh4 Ng6 24. Bxg6 hxg6 25. Bd4 Qd8 26. Qg4 Qe7 27. h4 Nc5 28. h5 gxh5 29. Qxh5 Bxc3 30. bxc3 Ne4 31. Rd3 f5 32. Rh3 Qe8 33. Qh4 Bc6 34. Bxb6 Bxa4 35. Ba5 Qg6 36. Bb4 Rfe8 37. Nd4 Bb5 38. Rff3 Bc4 39. Qe1 Ra8 40. Rh4 a5 41. Ba3 Kf7 42. Rfh3 Reb8 43. Nf3 Ke8 44. Ng5 Nxg5 45. fxg5 Qxg5 46. Qf2 Kf7 47. Kh2 Rb1 48. Qd4 Ra1 49. Qc5 Bf1 50. Qc7+ Kg6 51. Rg3 Rxa3 52. Rxg5+ Kxg5 53. Qe7+ Kg6 54. Qxe6+ Kg5 55. Qe7+ Kg6 56. Qxa3 Bc4 57. Rh3 Kf7 58. Qd6 Re8 59. Qd7+ Re7 60. Qxf5+ 1-0